Open Data Biblioteca Nacional de Portugal


República Portuguesa: Ministério da Cultura
Biblioteca Nacional de Portugal

Catálogo da BNP: acesso por Identificadores Unívocos
Registos Bibliográficos associados ao registo de autoridade

Etiqueta de registo: 00000nam 2200025 450
001 2279308
003 http://id.bnportugal.gov.pt/bib/catbnp/2279308
100 ## $a20260311d2025 k y0pory01030103ba
101 0# $aeng$dpor
102 ## $aPT
105 ## $aa m 000yy
106 ## $ar
200 1# $aFormas de onda e métodos de estimação para LiDAR automotivo$dWaveforms and estimation methods for automotive LiDAR$fDaniel António Macedo Bastos$gorient. Miguel Vidal Drummond, Arnaldo Silva Rodrigues de Oliveira$zeng
210 #9 $aAveiro$c[s.n.],$d2025
215 ## $a[139] p.$cil.$d30 cm
328 #1 $aTese dout. Telecomunicações, Universidade de Aveiro, 2025
510 1# $aWaveforms and estimation methods for automotive LiDAR$zeng
675 ## $a621.38/.39(043)$vBN$zpor$31274056
675 ## $a004.8(043)$vBN$zpor$31234122
675 ## $a681.78(043)$vBN$zpor$31280515
700 #1 $aBastos,$bDaniel António Macedo$31990770
702 #1 $aDrummond,$bMiguel Vidal,$f1984-$4727$31483240
702 #1 $aOliveira,$bArnaldo,$f1974-$4727$31000755
801 #0 $aPT$bBN$gRPC
966 ## $lBN$mFGMON$sS.A. 193524 V.$x1
971 ## $corlando$d20260311
972 ## $e0$z0$d20260421$vlrevez
973 ## $ctrodrigues$d20260413

OpendataBNP@bnportugal.pt | Mais informação sobre acesso aos dados BNP